00769 a2200181 4500003000500000005001700005040000900022082001200031100002900043245004100072260003900113300001100152505021700163650003100380942002100411999001900432952013600451NUST20230127122308.0 cNust a904,EDG aEdge , Geraldine9107891 aThe Ships of Youth /cGeraldine.Edge aLondonbHodder and Stoughtonc1945 a124:p. aMobilisation (Page-9), The First Beach Landing (Page-24), Sicily and North Africa (Page-41), Salerno Beaches (Page-56), The Cruise Continues (Page-71), More Beach Landings (Page-86), Anzio and After (Page-107).  aThe Ships of Youth9107892 2ddccBKk904,EDG c186174d186174 00102ddc4070aMCSbMCScGENd2016-12-12l1o904,EDGpMCS29002r2025-02-11s2025-02-04w2016-12-12yBKzAlmirah No.58, Shelf No.3